| 000 | 00430nam a2200181Ia 4500 | ||
|---|---|---|---|
| 001 | 15887 | ||
| 005 | 20260306170229.0 | ||
| 008 | 260306t1982||||xx |||||||||||||| ||und|| | ||
| 041 | _aESP | ||
| 082 |
_a620.112 _bS57 |
||
| 100 |
_aSinger, Ferdinand L. _eAUT |
||
| 245 | 0 | _aResistencia de materiales | |
| 260 | _c1982 | ||
| 300 |
_axxi, 560 páginas : _c23 cm. |
||
| 650 | _aGEN | ||
| 654 | _aCII | ||
| 942 |
_cLIB _dJUS _fJUS _2ddc _n |
||
| 999 |
_c15887 _d15887 |
||